000 00617nam a2200229 a 4500
001 ES-MaREB00202563-2
003 OSt
005 20140401082947.0
008 020226s1976 esp spa
020 _a84-7382-004-5
040 _aZA-BP
_cBMC
082 _a208
082 _a291.5
245 0 0 _aCuestiones y respuestas III
_b: (esquemas de documentación doctrinal)
250 _a1ª ed
260 _aMadrid
_bOrientación Bibliográfica
_c1976
300 _a201 p.
_c21 cm
490 _aOrientaciones religiosas
650 2 4 _aCristianismo
_92591
650 2 4 _aMoral cristiana
_92446
942 _2ddc
_cBK
999 _c5347
_d5347